00270nam a2200109Ia 4500008004100000100001600041245004600057260002100103650001200124942000700136999001700143190216s9999||||xx |||||||||||||| ||und|| aEnest Mayer 0aJanthu Shashthra Vargeegarana Thathwangal bBhasha Institute aZoology cBK c38410d38410